SUSE Linux 10 unleashed(E-BOOK) (Record no. 192788)

000 -LEADER
fixed length control field 00659 a2200217 4500
003 - CONTROL NUMBER IDENTIFIER
control field Nust
005 - DATE AND TIME OF LATEST TRANSACTION
control field 20170207154044.0
010 ## - LIBRARY OF CONGRESS CONTROL NUMBER
LC control number 2004095632
020 ## - INTERNATIONAL STANDARD BOOK NUMBER
International Standard Book Number 0672327260 (pbk.)
035 ## - SYSTEM CONTROL NUMBER
System control number (OCoLC)ocm62871522
040 ## - CATALOGING SOURCE
Transcribing agency Nust
082 04 - DEWEY DECIMAL CLASSIFICATION NUMBER
Classification number 005.446
100 1# - MAIN ENTRY--PERSONAL NAME
Personal name McCallister, Michael.
245 10 - TITLE STATEMENT
Title SUSE Linux 10 unleashed(E-BOOK)
Statement of responsibility, etc. Michael McCallister.
260 ## - PUBLICATION, DISTRIBUTION, ETC.
Place of publication, distribution, etc. Indianapolis, Ind. :
Name of publisher, distributor, etc. Sams,
Date of publication, distribution, etc. c2006.
300 ## - PHYSICAL DESCRIPTION
Extent xx, 647 p. :
Other physical details ill. ;
Dimensions 24 cm. +
Accompanying material 1 DVD-ROM (4 3/4 in.)
500 ## - GENERAL NOTE
General note Includes index.
650 #0 - SUBJECT ADDED ENTRY--TOPICAL TERM
Topical term or geographic name entry element Operating systems (Computers)
651 ## - SUBJECT ADDED ENTRY--GEOGRAPHIC NAME
Geographic name E-BOOK
856 41 - ELECTRONIC LOCATION AND ACCESS
Materials specified Table of contents
Uniform Resource Identifier <a href="http://www.loc.gov/catdir/toc/fy0607/2004095632.html">http://www.loc.gov/catdir/toc/fy0607/2004095632.html</a>
942 ## - ADDED ENTRY ELEMENTS (KOHA)
Source of classification or shelving scheme
Koha item type Book
Holdings
Withdrawn status Lost status Source of classification or shelving scheme Damaged status Not for loan Collection code Permanent Location Current Location Date acquired Total Checkouts Full call number Barcode Date last seen Price effective from Koha item type
            Military College of Signals (MCS) Military College of Signals (MCS) 12/12/2016   005.446 MCC MCSEB-2211 12/08/2016 12/12/2016 Book
© 2023 Central Library, National University of Sciences and Technology. All Rights Reserved.